O direito educacional: de suas origens remotas a uma tentativa de sistematizacao
Gorde:
| Egile nagusia: | |
|---|---|
| Formatua: | Liburua |
| Hizkuntza: | gaztelania |
| Argitaratua: |
Salamanca
Universidad de Salamanca
1987
|
| Gaiak: | |
| Etiketak: |
Etiketa erantsi
Etiketarik gabe, Izan zaitez lehena erregistro honi etiketa jartzen!
|
MARC
| LEADER | 00000nam a2200000 a 4500 | ||
|---|---|---|---|
| 001 | UCW3660 | ||
| 003 | CL-VaPUC | ||
| 008 | 881206e19870000SP |||||||||||||||||spa|d | ||
| 082 | 0 | 4 | |a 370.19 |b PER |2 21 |
| 100 | 0 | |a Peres, José Augusto |e author |9 307985 | |
| 245 | 1 | 2 | |a O direito educacional: de suas origens remotas a uma tentativa de sistematizacao |
| 300 | |a 202 p | ||
| 942 | |c BK | ||
| 945 | |d 19881206 00:00:00 | ||
| 260 | |a Salamanca |b Universidad de Salamanca |c 1987 | ||
| 500 | |a Extracto de la tesis presentada para la obtención del grado de Doctor en Pedagogía | ||
| 650 | 0 | |a Democratización de la educación |9 307986 | |
| 650 | 0 | |a Derecho a la educación |9 307987 | |
| 583 | |a last modification |c 19881206 00:00:00 |k Rodrigo Vera | ||
| 999 | |c 217586 |d 217584 | ||
| 952 | |0 0 |1 0 |4 0 |6 370_190000000000000_PER_1987 |7 0 |8 P |9 205503 |a BIBEDU |b BIBEDU |c BIBEDU_PB |d 2019-11-15 |i 2734443 |o 370.19 PER 1987 |p 2734443 |r 2024-01-25 |w 2019-11-15 |y BK |k EDU | ||